Bebizonyították életképességüket az Egyesült KTSZ-ek

Elmentve itt :
Bibliográfiai részletek
Szerző: F.K
Dokumentumtípus: Cikk
Megjelent: 1961-04-25
Sorozat:Délmagyarország
Kulcsszavak:Kisipar Szeged 1961
Online Access:http://dmarchiv.bibl.u-szeged.hu/54811
LEADER 00454nab a2200157 i 4500
001 delm54811
005 20180927141859.0
008 180927s1961 hu o 0|| hun d
040 |a SZTE Délmagyarország Archívum  |b hun 
041 |a hun 
100 3 |a F.K.  
245 1 0 |a Bebizonyították életképességüket az Egyesült KTSZ-ek  |h [elektronikus dokumentum] /  |c  F.K.  
260 |c 1961-04-25 
300 |a 3 
490 0 |a Délmagyarország 
695 |a Kisipar Szeged 1961